000 00837nas a2200289 4500
001 BR9104470
003 BR-BrBNA
005 20231205092210.0
007 ta
008 230509b bl.|||p| |||| 00| 00por d
040 _aBR-BrBNA
_bpor
_cBiblioteca Nacional de Agricultura
041 _a(Pt)
072 _aH20
100 1 _aAntoniolli, Z.I.
100 1 _aPorto, M.D.M.
245 1 _aMicrorganismos presentes nos componentes da analise de pureza de sementes de arroz
650 _aARROZ
650 _aSEMENTE
650 _aVARIEDADE
650 _aDOENCA DE PLANTA
650 _aMICRORGANISMO
650 _aFUNGO
650 _aMANCHA DO GRAO
773 0 _tRevista Brasileira de Sementes (Brazil)
_xISSN 0101-3122
_g(1988), v. 10(3) p. 79-89
_wBR9104470
909 _a202311
_bLúcia
_c55
_dLúcia Elande
942 _2AGRIS
_n0
_cANA
999 _c130023
_d130023